| 000 | 00429nam a22001577a 4500 | ||
|---|---|---|---|
| 020 | _a9781259098635 | ||
| 040 | _cNUST | ||
| 082 | _a621.3192 HAY | ||
| 100 | _aHayt, William H. | ||
| 110 |
_aKemmerly, Jack E. Durbin, Steven M. _991850 |
||
| 245 | _aEngineering Circuit Analysis | ||
| 250 | _a8th Edition | ||
| 260 |
_aNew Dehli: _bMcGraw-Hill, _c2016. |
||
| 650 |
_aEngineering Circuit Analysis _958232 |
||
| 942 |
_2ddc _cBK |
||
| 999 |
_c594920 _d594920 |
||